000 00788nam a22002297a 4500
005 20130111153310.0
008 130111t xxu||||| |||| 00| 0 eng d
010 _aENG-106542
020 _a0198088418
_c695.00
020 _a9780198088417
_c695.00
035 _aEN-90075
037 _bDBAD / PUB
040 _aDPL
_bENG
100 _aRohit
_91433
245 _aIt's not over :
_cby Rohit
_bstructural drivers of the global economic crisis /
260 _aNew Delhi
_bOxford University Press
_c2013
270 _aYMCA Library Building, 1 Jai Singh Road,
_bNew Delhi
_e110001
300 _axxxi, 207 p. :
_c22cm(Hb)
700 _954724
942 _2ddc
_cEN
_mROH
999 _c72884
_d72884